000 00576cam a2200193 a 4500
001 sa 68011358
003 DLC
005 20260227112559.0
008 881028s1968 xx 000 0 beno
010 _asa 68011358
035 _a(OCoLC)23537353
040 _aDLC
_cDLC
050 0 0 _aPK1730.14.A8134
_bK3 1968
100 1 _aBhaṭṭācārya, Rabīndra,
_d1934-
245 1 0 _aKālera maināka :
_bpūrṇāṅka sāmājika nāṭaka /
_cRabīndra Bhaṭṭācārya.
260 _cKalakātā :
_bPalāśī,
_c1375 [1968]
300 _a97 p. ;
_c19 cm.
546 _aIn Bengali.
999 _c83835
_d83835